QUEST : (Record no. 206559)
[ view plain ]
| 000 -LEADER | |
|---|---|
| fixed length control field | 00594nam a2200193 4500 |
| 005 - DATE AND TIME OF LATEST TRANSACTION | |
| control field | 20250117122740.0 |
| 010 ## - LCCN (DPL NO) | |
| LC control number | ENG-143489 |
| 020 ## - INTERNATIONAL STANDARD BOOK NUMBER | |
| Terms of availability | 525.00 |
| International Standard Book Number | 9789393662552 |
| 035 ## - SYSTEM CONTROL NUMBER | |
| System control number | EN-127021 |
| 037 ## - SOURCE OF ACQUISITION | |
| Source of stock number/acquisition | DBAD |
| 082 ## - DEWEY DECIMAL CLASSIFICATION NUMBER | |
| Classification number | 613.7 |
| Edition number | 1 |
| 100 ## - MAIN ENTRY--PERSONAL NAME | |
| Personal name | MULLICK, PARIKSHIT |
| 245 ## - TITLE STATEMENT | |
| Title | QUEST : |
| Remainder of title | A COMPREHENSIVE GUIDE TO UG PHYSIOLOGY/ |
| Statement of responsibility, etc | By PARIKSHIT MULLICK [and} MANDRITA CHATTERJEE) |
| 250 ## - EDITION STATEMENT | |
| Edition statement | 3 |
| 260 ## - PUBLICATION, DISTRIBUTION, ETC. (IMPRINT) | |
| Name of publisher, distributor, etc | Academic Publishers |
| Date of publication, distribution, etc | 2024 |
| Place of publication, distribution, etc | Kolkata |
| 270 ## - ADDRESS | |
| Address | 5A, Bhawani Dutta Lane |
| City | Kolkata |
| Postal code | 700073 |
| 300 ## - PHYSICAL DESCRIPTION | |
| Extent | 507p. |
| Dimensions | 24cm(pb) |
| 942 ## - ADDED ENTRY ELEMENTS (KOHA) | |
| Source of classification or shelving scheme | Dewey Decimal Classification |
| Item type | English Books |
| Classification part | 613.7 |
| Call number suffix | MUL |
| Withdrawn status | Lost status | Not for loan | Collection code | Home library | Current library | Date acquired | Source of acquisition | Cost, normal purchase price | Full call number | Barcode | Copy number | Cost, replacement price | Koha item type |
|---|---|---|---|---|---|---|---|---|---|---|---|---|---|
| Non-fiction | Ashok Vihar | Ashok Vihar | 16/01/2025 | DABD | 1780.00 | 181.499 SAH | EN-127021 | 1 | 1780.00 | English Books |
